000 00836nam a2200229 a 4500
001 000027421
005 20200930030824.0
008 110331s1986 dr 000 0 spa d
040 _aDO-SdBNP
_bspa
_cBNPHU
082 _axxxx
_bE79h, 1986
100 1 _aEstella, José Ramón
_954488
245 1 0 _aHistoria gráfica de la República Dominicana /
_cJosé Ramón Estella; ilustraciones de José Alloza Villagrasa; edición, notas, cronología e índices José Israel Cuello H.
250 _a2a ed.
260 _aSanto Domingo :
_bTaller,
_c1986.
300 _a418 p. :
_bil., retrs. ;
_c28 cm.
490 1 _aBiblioteca Taller
_v167
500 _aIncluye índice de autores
700 1 _aAlloza Villagrasa, José
_eil.
_954489
700 1 _aCuello H., José Israel
_eed.
_96298
830 0 _aBiblioteca Taller
_v167
_9164
049 _aBNPD
999 _c26913
_d26913